| 000 | 01136cam a22003617a 4500 | ||
|---|---|---|---|
| 003 | CHAP | ||
| 005 | 20220329135531.0 | ||
| 008 | 971013s1953 r 00010 d | ||
| 010 | _a38131 | ||
| 011 | _a39103 | ||
| 035 | _a43223 | ||
| 040 | _cCHAP | ||
| 090 | _aFolleto 918 | ||
| 100 | 0 | 0 |
_aMirsky, Alfred E. _976152 |
| 245 | 1 | 4 | _aThe chemistry of heredity |
| 260 |
_aSan Francisco : _bFreeman, _c1953 |
||
| 300 |
_a(11) p. _b: ilus |
||
| 490 | 0 |
_aScientific American Offprints _v; 28 |
|
| 500 | _a"Reprinted from Scientific American, February 1953" | ||
| 590 |
_aBATCH-UPD _b10 _c20130110 _lUCH01 _h0015 |
||
| 590 |
_aBATCH-UPD _b10 _c20130110 _lUCH01 _h1738 |
||
| 590 |
_aBATCH-UPD _b10 _c20130410 _lUCH01 _h1117 |
||
| 590 |
_aBATCH-UPD _b10 _c20130913 _lUCH01 _h1906 |
||
| 590 |
_aCONVERSION _b10 _c20130109 _lUCH01 _h1321 |
||
| 650 | 1 | 4 |
_aAcido desoxirribonucléico. _9580 |
| 650 | 1 | 4 |
_aAcidos nucléicos. _9603 |
| 650 | 1 | 4 |
_aCromosomas. _929152 |
| 650 | 1 | 4 |
_aHerencia. _953725 |
| 830 | 0 |
_aScientific American Offprints _v; 28 _9103328 |
|
| 901 | _aBK | ||
| 942 | _cFOLL | ||
| 949 |
_aFolleto 918 _bBC _cFOLL _d-99180 _eTS1 _i43223 _si |
||
| 999 |
_c38131 _d38131 |
||